000 00477pab a2200169 454500
008 180718b2009 xxu||||| |||| 00| 0 eng d
100 _aDomhoff, G. William
245 _aCreating a liberal-left alliance for social change: prescriptions from the social sciences literature
260 _c2009
300 _ap.151-61.
362 _aSep
650 _aSocial movements
650 _aSocial change
773 _aAmerican Behavioral Scientist
908 _aN
909 _a83900
999 _c83900
_d83900